| 000 | 00504nam a2200181Ia 4500 | ||
|---|---|---|---|
| 008 | 240925s9999 xx 000 0 und d | ||
| 020 | _a8176356247 | ||
| 082 | _a005.133 PET | ||
| 100 | _aPetroutsos, Evangelos | ||
| 245 | 0 | _aMastering Visual Basic.Net | |
| 250 | _aNA | ||
| 260 |
_aNew Delhi: _bBPB Publication _c,2002. |
||
| 300 |
_aix,415p. _bNA _fOriginal |
||
| 500 | _aIncludes Index | ||
| 600 | _aEngineering Technology | ||
| 650 | _aComputer science, information & general works | ||
| 942 | _cBK | ||
| 999 |
_c7085 _d7085 |
||